Normal view MARC view
  • Numerical analysis

Entry Topical Term

Number of records used in: 35

001 - CONTROL NUMBER

  • control field: 72

003 - CONTROL NUMBER IDENTIFIER

  • control field: Nust

005 - DATE AND TIME OF LATEST TRANSACTION

  • control field: 20170505124113.0

008 - FIXED-LENGTH DATA ELEMENTS

  • fixed length control field: 170505|| aca||aabn | a|a d

040 ## - CATALOGING SOURCE

  • Original cataloging agency: Nust
  • Transcribing agency: Nust

150 ## - HEADING--TOPICAL TERM

  • Topical term or geographic name entry element: Numerical analysis
  • General subdivision: Data processing.

670 ## - SOURCE DATA FOUND

  • Source citation: Work cat.: (Nust)0: Fausett, Laurene V. 70, Numerical methods using MathCAD /, 2002.
© 2023 Central Library, National University of Sciences and Technology. All Rights Reserved.